Vergi dünyasına bakış (Record no. 4845)

MARC details
000 -BAŞLIK
Sabit Uzunlukta Kontrol Alanı 00631na a2200241 4500
001 - KONTROL NUMARASI
Denetim Alanı 17718
003 - KONTROL NUMARASI IDENTIFIER
Denetim Alanı MIRAKIL
005 - SON İŞLEM TARİHİ VE ZAMANI
Denetim Alanı 20181213155020.0
008 - SABİT-BOY VERİ ELEMANLARI - GENEL BİLGİLER
Sabit Uzunlukta Kontrol Alanı 161103b tu 000 0
020 ## - ULUSLARARASI STANDART KİTAP NUMARASI
Uluslararası Standart Kitap Numarası 975555033X
040 ## - KATALOGLAMA KAYNAK
Orijinal Kataloglama Ajansı Milas
Kataloglama Dili tur
Metne Dönüştürmek Ajansı TR-AnCHP
041 ## - DİL KODU
Metin / Ses Parça Veya Ayrı Başlığın Dil Kodu tur
082 ## - DEWEY ONLU SINIFLANDIRMA NUMARASI
Sınıflandırma Numarası 336.2
Ürün Numarası Ö99v 1999
090 ## - SINIFLAMA NUMARASI
Sınıflama Numarası 336.2 Ö99v 1999
100 ## - ANA GİRİŞ - KİŞİSEL İSİM
Kişisel Ad Özyürek, Mustafa
245 ## - BAŞLIK TABLOSU
Başlık Vergi dünyasına bakış
Sorumluluk Tablosu, Vb Mustafa Özyürek
260 ## - YAYIN, DAĞITIM, VB
Yayın, Dağıtım, Vb Yeri Ankara
Yayıncı, Dağıtıcı, Vs Adı TÜRMOB
Yayın, Dağıtım, Vb Tarihi 1999
300 ## - FİZİKSEL TANIM
Kapsam 253 s.
Boyutlar 23 sm.
490 ## - SERİSİ TABLOSU
Seri Beyanı TÜRMOB Yayınları
Hacim / Ardışık Tanımı 59
650 ## - KONU KATMA GİRİŞ - TOPİKAL DÖNEM
Topikal Süreli Veya Coğrafi Ad Giriş Elemanı Vergilendirme
Genel Alt Bölümü Uygulamalar
650 ## - KONU KATMA GİRİŞ - TOPİKAL DÖNEM
Topikal Süreli Veya Coğrafi Ad Giriş Elemanı Vergi
Genel Alt Bölümü Derlemeler
942 ## - EKLENDİ GİRİŞ ELEMANLARI (KOHA)
Sınıflandırma Veya Raf Düzeni Kaynak Dewey Decimal Classification
Koha Öğesi Türü Books
999 ## - SİSTEM KONTROL NUMARALARI (KOHA)
Koha Biblionumber 4845
Koha Biblioitemnumber 4845
Holdings
Kalıcı Konum Mevcut Konum Edinme Tarihi Edinim Kaynak Toplam Check-Out'Lar Tam Çağrı Numarası Barkod Tarih Son Görülme İtibaren Geçerli Fiyatlar Koha Öğesi Türü
CHP Kütüphanesi CHP Kütüphanesi 11/03/2016 Bağış   336.2 Ö99v 1999 008265 11/03/2016 11/03/2016 Books